| 000 | 01210cam a2200229 4500 | ||
|---|---|---|---|
| 001 | X109304 | ||
| 008 | 000000n2000 000 0 eng u | ||
| 035 | _a(Sirsi) u109304 | ||
| 100 | _aBell, J | ||
| 245 | _aE-procurement - revolutionising business practice | ||
| 260 | _c2000 | ||
| 490 |
_aFacilities Management _v8(1) October 2000, 8-9(2) |
||
| 520 | _aLooks at the implications of internet growth and web-based trading for the facilities management sector. A number of property and support service providers are exploring procurement 'club-sites', which create a closed supply chain by joining a defined customer base with selected suppliers via an internet portal. Servus Facilities Management Club-site, currently being piloted by the Nomura group, displays a number of major advantages. Concludes that internet procurement will provide a viable alternative, but will not replace personalised interaction in the tendering process. References. | ||
| 650 | _aProcurement-old | ||
| 650 | _aSUPPLY CHAIN | ||
| 650 | _aE-COMMERCE | ||
| 650 | _aTENDERING PROCESS | ||
| 650 | _aINTERNET | ||
| 650 | _aSERVUS FACILITIES MANAGEMENT | ||
| 690 | _aMANAGEMENT-FACILITIES MANAGEMENT | ||
| 942 | _n0 | ||
| 999 |
_c65239 _d65239 |
||